[Event "Peterborough 4NCL Easter U2000 op"]
[Site "Peterborough"]
[Date "2024.04.01"]
[Round "7"]
[White "Matthews, Adrian MS"]
[Black "Graham, Oliver"]
[Result "1/2-1/2"]
[WhiteElo "1860"]
[BlackElo "1884"]
[PlyCount "137"]
[EventDate "2024.03.29"]
[EventType "swiss"]
[EventRounds "7"]
[EventCountry "ENG"]
[SourceTitle "CB14_2024"]
[SourceDate "2024.04.01"]
[SourceVersion "1"]
[SourceVersionDate "2024.04.01"]
[SourceQuality "1"]

1. e4 e5 2. Nf3 Nf6 3. Nxe5 d6 4. Nf3 Nxe4 5. Nc3 Nxc3 6. dxc3 Be7 7. Bd3 0-0 8. h4 Bg4 9. Bg5 Nc6 10. Qd2 f6 11. Bf4 Ne5 12. Nxe5 dxe5 13. Be3 b6 14. f3 Be6 15. g4 c5 16. c4 Qd7 17. Rd1 Qa4 18. b3 Qxa2 19. 0-0 Qa6 20. Be4 Rad8 21. Bd5 Qc8 22. Ra1 a5 23. Rfd1 Rd6 24. Qd3 Rfd8 25. Qe4 Qd7 26. Bxe6+ Qxe6 27. Rxd6 Qxd6 28. Re1 Bf8 29. Kg2 Kh8 30. h5 Qe6 31. Rh1 Be7 32. Re1 Qc8 33. Kg3 Rd7 34. Rh1 Qd8 35. Rf1 Rd1 36. Rxd1 Qxd1 37. Qa8+ Qd8 38. Qc6 Kg8 39. Qe6+ Kh8 40. Qc6 Bf8 41. Qe6 g6 42. hxg6 hxg6 43. Qf7 g5 44. Qb7 Qd6 45. Qe4 Qd7 46. Kf2 Qh7 47. Ke2 Qh2+ 48. Kd3 Qh1 49. Ke2 Qh7 50. Kd3 Qd7+ 51. Ke2 Kg7 52. Qd5 Qc8 53. Kd3 Qc7 54. Qe4 Qd6+ 55. Ke2 Kf7 56. Qb7+ Be7 57. Qe4 Ke8 58. Qa8+ Bd8 59. Qb7 Bc7 60. Qe4 Kd8 61. Qa8+ Bb8 62. Qd5 Kc7 63. Kd3 Qe7 64. Qe4 Kc8 65. Qc6+ Bc7 66. Qa8+ Kd7 67. Qd5+ Kc8 68. Qa8+ Kd7 69. Qd5+ 1/2-1/2

[Event "Peterborough 4NCL Easter U2000 op"]
[Site "Peterborough"]
[Date "2024.03.30"]
[Round "2"]
[White "Graham, Oliver"]
[Black "White, Nicholas E"]
[Result "1-0"]
[WhiteElo "1884"]
[BlackElo "1729"]
[PlyCount "59"]
[EventDate "2024.03.29"]
[EventType "swiss"]
[EventRounds "7"]
[EventCountry "ENG"]
[SourceTitle "CB14_2024"]
[SourceDate "2024.04.01"]
[SourceVersion "1"]
[SourceVersionDate "2024.04.01"]
[SourceQuality "1"]

1. e4 d6 2. d4 Nf6 3. Nc3 g6 4. Nf3 Bg7 5. Be2 0-0 6. Bg5 c6 7. Qd2 Bg4 8. Bh6 e5 9. Bxg7 Kxg7 10. dxe5 dxe5 11. Qxd8 Rxd8 12. Nxe5 Bxe2 13. Kxe2 Na6 14. f3 Re8 15. Nd3 Nc7 16. Nf4 g5 17. Nd3 Ncd5 18. Kf2 Nxc3 19. bxc3 b6 20. Rhd1 h5 21. Rd2 g4 22. Rad1 h4 23. h3 g3+ 24. Ke3 c5 25. Nf4 Re5 26. Rd8 Re8 27. Rxa8 Rxa8 28. c4 Re8 29. Rd6 Re7 30. Rxf6 1-0